书目信息 |
| 题名: |
音乐美学教程
|
|
| 作者: | 张前 主编 | |
| 分册: | ||
| 出版信息: | 上海 上海音乐出版社 2002 |
|
| 页数: | 190页 | |
| 开本: | 26cm | |
| 丛书名: | 中国艺术教育大系 | |
| 单 册: | ||
| 中图分类: | J601 | |
| 科图分类: | ||
| 主题词: | 音乐美学--高等教育--教材 , CT--S088926--音乐美学 | |
| 电子资源: | ||
| ISBN: | 7-80667-067-X | |
| 000 | 00915nam0 2200277 45 | |
| 001 | 012002056194 | |
| 005 | 20031219104121.6 | |
| 010 | @a7-80667-067-X@dCNY18.00 | |
| 100 | @a20020709d2002 em y0chiy0110 ea | |
| 101 | 0 | @achi |
| 102 | @aCN@b310000 | |
| 105 | @ay z 000yy | |
| 106 | @ar | |
| 200 | 1 | @a音乐美学教程@9yin yue mei xue jiao cheng@f张前主编 |
| 210 | @a上海@c上海音乐出版社@d2002 | |
| 215 | @a190页@d26cm | |
| 225 | 2 | @a中国艺术教育大系@i音乐卷 |
| 300 | @a普通高等教育“九五”国家级重点教材 | |
| 330 | @a本书包括:音乐美学思想的发展历程;音乐的功能、价值与审美本质;音乐音响结构的审美特征;音乐表现的美学特征;音乐实践中的美学问题等内容。 | |
| 462 | 0 | @12001 @a中国艺术教育大系@i音乐卷 |
| 606 | 0 | @a音乐美学@x高等教育@j教材 |
| 606 | 0 | @2CT@3S088926@a音乐美学 |
| 690 | @aJ601@v4 | |
| 701 | 0 | @a张前@9zhang qian@4主编 |
| 801 | @aCN@bTSTC@c20031117 | |
| 905 | @b328286-290@dJ601@e256@f5 | |
| 音乐美学教程/张前主编.-上海:上海音乐出版社,2002 |
| 190页;26cm.-(中国艺术教育大系.音乐卷) |
| 普通高等教育“九五”国家级重点教材 |
| ISBN 7-80667-067-X:CNY18.00 |
| 本书包括:音乐美学思想的发展历程;音乐的功能、价值与审美本质;音乐音响结构的审美特征;音乐表现的美学特征;音乐实践中的美学问题等内容。 |
| ● |
| 相关链接 |
|
|
|
|
正题名:音乐美学教程
索取号:J601/256
 
预约/预借
| 序号 | 登录号 | 条形码 | 馆藏地/架位号 | 状态 | 备注 |
| 1 | 0328286 | 203282866 | 第一借阅区/ [索取号:J601/256] | 在馆 | |
| 2 | 0328287 | 203282875 | 第一借阅区/ [索取号:J601/256] | 在馆 | |
| 3 | 0328288 | 203282884 | 第一借阅区/ [索取号:J601/256] | 在馆 | |
| 4 | 0328289 | 203282893 | 第一借阅区/ [索取号:J601/256] | 在馆 | |
| 5 | 0328290 | 203282900 | 第一样本阅览室/ [索取号:J601/256] | 在馆 |